Länder nach ersten beiden Buchstaben - Sudden Death - Statistiken

Allgemein
  • Dieses Quiz wurde 545 mal gespielt
    244 seit der letzten Aktualisierung
  • Das Durchschnittsergebnis liegt bei 12 aus 25
Answers on the Grid
Answers color-coded by a green-red scale on the quiz's grid according to % correct below.
AF
AM
BA
BL
CO
CE
CH
CU
DI
DS
EL
EL
EN
FA
GA
GO
GR
HU
IE
IR
JE
KI
KO
LI
LO
MA
MU
NA
OD
OM
OR
PA
PI
PU
QU
RA
RI
RU
SA
SD
SL
SY
TE
TU
UD
UZ
VE
VO
ZA
ZE
 
Antwortstatistiken
Antwort % Korrekt
IR
65%
GR
61%
RU
60%
PA
58%
TU
57%
CH
56%
JE
56%
LI
54%
MA
54%
SY
50%
EL
49%
KO
49%
VE
48%
OM
47%
SA
47%
BA
45%
EL
45%
GA
41%
KI
41%
AF
40%
NA
40%
SL
40%
DS
36%
CO
25%
ZE
23%
Keine übereinstimmenden Quizze gefunden
Verteilung der Resultate
Anzahl Personen mit jedem Resultat
Perzentil nach korrekt beantworteten Fragen
Ihre Resultats-Entwicklung
Sie haben dieses Quiz seit der letzten Aktualisierung nicht gespielt